Statistics for Rubber Soul

Click here to take the quiz!

General Stats

  • This quiz has been taken 340 times
  • The average score is 10 of 14

Answer Stats

HintAnswer% Correct
1 - Lennon/McCartneyDrive My Car
92%
2 - Lennon/McCartneyNorwegian Wood
91%
7 - Lennon/McCartneyMichelle
85%
11 - Lennon/McCartneyIn My Life
81%
14 - Lennon/McCartneyRun For Your Life
80%
9 - Lennon/McCartneyGirl
77%
4 - Lennon/McCartneyNowhere Man
73%
6 - Lennon/McCartneyThe Word
70%
13 - HarrisonIf I Needed Someone
68%
10 - Lennon/McCartneyI'm Looking Through You
67%
5 - HarrisonThink For Yourself
66%
3 - Lennon/McCartneyYou Won't See Me
65%
12 - Lennon/McCartneyWait
64%
8 - Lennon/McCartney/StarrWhat Goes On?
64%

Score Distribution

Percentile by Number Answered

Percent of People with Each Score

Your Score History

You have not taken this quiz